A source book in mathematics
Αποθηκεύτηκε σε:
| Κύριος συγγραφέας: | |
|---|---|
| Μορφή: | Βιβλίο |
| Γλώσσα: | English |
| Δημοσίευση: |
New York :
Dover Publications,
1959, c1929.
|
| Σειρά: | Dover books on science
|
| Θέματα: | |
| Ετικέτες: |
Προσθήκη ετικέτας
Δεν υπάρχουν, Καταχωρήστε ετικέτα πρώτοι!
|
MARC
| LEADER | 00000cam a2200000 a 4500 | ||
|---|---|---|---|
| 001 | 1/108808 | ||
| 008 | 150922r19591929us | ||| |||| ||eng|| | ||
| 040 | |a GR-MyUa |b gre |c GR-MyUa |e AACR2 | ||
| 041 | 0 | |a eng | |
| 082 | 7 | |a 510 |2 (23) | |
| 100 | 1 | |a Smith, David Eugene, |d 1860-1944. | |
| 245 | 1 | 1 | |a A source book in mathematics / |c by David Eugene Smith. |
| 260 | |a New York : |b Dover Publications, |c 1959, c1929. | ||
| 300 | |a 2τ. (xiii, 306, xiii, 701 σ.) : |b εικ., σχέδια ; |c 21 εκ. | ||
| 490 | 1 | |a Dover books on science | |
| 650 | 0 | |a Mathematics. | |
| 650 | 0 | |a Mathematics |x History. | |
| 830 | 0 | |a Dover books on science | |
| 852 | |a INST |b SAMOS |c MAG |e 20150922 |h 510 SMI |p 005300035492 |q 005300035492 |t BK |v τομ.1: |y 0 | ||
| 852 | |a INST |b SAMOS |c MAG |e 20150922 |h 510 SMI |p 005300035493 |q 005300035493 |t BK |v τομ.2: |y 0 | ||
| 853 | |a INST |b SAMOS |c MAG |h 510 SMI | ||
| 970 | |a Σιτζίμη |b Γιασεμή |z 22/09/2015 | ||